LEADER 01044nam0-22003611i-450- 001 990003974900403321 005 20090803115203.0 010 $a0-471-97697-0 035 $a000397490 035 $aFED01000397490 035 $a(Aleph)000397490FED01 035 $a000397490 100 $a20031022d2000----km-y0itay50------ba 101 0 $aeng 102 $aUS 105 $aa---a---001yy 200 1 $aModern Compiler Design$fDick Grune, Henri E. Bal, Ceriel J. H. Jacobs, Koen G. Langendoen 210 $aNew York$cWiley$dc2000 215 $axviii, 736 p.$cill.$d23 cm 225 1 $aWorldwide Series in Computer Science 610 0 $aCompilatori 676 $a005.453 700 1$aGrune,$bDick$0149783 701 1$aBal,$bHenri E.$0149784 701 1$aJacobs,$bCeriel J. H.$0149785 701 1$aLangendoen,$bKoen G.$0383445 801 0$aIT$bUNINA$gRICA$2UNIMARC 901 $aBK 912 $a990003974900403321 952 $a005.453-GRU-1$b2751$fSC1 959 $aSC1 996 $aModern Compiler Design$9473305 997 $aUNINA LEADER 01377nam 22004215u 450 001 9910155290803321 005 20211006144911.0 010 $a9783318030587 010 $a3318030589 035 $a(CKB)3780000000101448 035 $a(OCoLC)1043771275 035 $a(SZ-BaSKA)220269 035 $a(MiAaPQ)EBC31865809 035 $a(Au-PeEL)EBL31865809 035 $a(EXLCZ)993780000000101448 100 $a20211006d1982 uy 0 101 0 $aeng 135 $aurunu||||| 181 $ctxt$2rdacontent 182 $cc$2rdamedia 183 $acr$2rdacarrier 200 10$aElectrophysiological Correlates of Psychopathology : $e3rd Symposium on Clinical Neurophysiological Aspects of Psychopathological Conditions, Stockholm, June 1981 / $f editors, C. Perris, D. Kemali, P. Flor-Henry, L. Vacca 205 $a1st ed. 210 $aBasel : $cS. Karger, $d1982 215 $a1 online resource (X + 90 pages) : $c 11 figures, 20 tables 225 0 $aAdvances in Biological Psychiatry, $x1662-2774 ; $vVol.9 311 08$a9783805535250 311 08$a3805535252 410 0$aIssn Series 606 $aPsychiatry 615 14$aPsychiatry 700 $aPerris$b C$01215488 801 0$bUKSKG 801 1$bUKSKG 906 $aBOOK 912 $a9910155290803321 996 $aElectrophysiological Correlates of Psychopathology$92808515 997 $aUNINA